000
003230000a22001450004500
003
MACL
040
_a
MACL
090
_c
7047
_d
7046
100
_a
Chatterji, Pritibhushan
245
_a
Comparative Religion A Study
260
_b
The Ramakrishna Mission
_c
1968
350
_a
0.50
650
_a
philosophy
942
_c
BOOK
_k
100
999
_c
6999
_d
6999